LEADER 05483nam 2200733Ia 450 001 9910968306403321 005 20200520144314.0 010 $a9786611285579 010 $a9781281285577 010 $a1281285579 010 $a9780470332887 010 $a0470332883 035 $a(CKB)1000000000411094 035 $a(EBL)335822 035 $a(OCoLC)608624435 035 $a(SSID)ssj0000074920 035 $a(PQKBManifestationID)11110246 035 $a(PQKBTitleCode)TC0000074920 035 $a(PQKBWorkID)10127227 035 $a(PQKB)11041063 035 $a(Au-PeEL)EBL335822 035 $a(CaPaEBR)ebr10313686 035 $a(CaONFJC)MIL128557 035 $a(CaSebORM)9780470177433 035 $a(MiAaPQ)EBC335822 035 $a(OCoLC)319832111 035 $a(OCoLC)ocm319832111 035 $a(Perlego)2768079 035 $a(EXLCZ)991000000000411094 100 $a20070823d2008 uy 0 101 0 $aeng 135 $aur|n|---||||| 181 $ctxt 182 $cc 183 $acr 200 10$aFileMaker Pro 9 bible /$fRay Cologon with Dennis R. Cohen 205 $a1st edition 210 $aIndianapolis, IN $cWiley ;$aChichester $cJohn Wiley [distributor]$d2008 215 $a1 online resource (769 p.) 225 1 $aBible ;$vv.461 300 $aDescription based upon print version of record. 311 08$a9780470177433 311 08$a0470177438 320 $aIncludes bibliographical references and index. 327 $aFileMaker® Pro 9 Bible; Contents; Part I The Fundamentals; Chapter 1 Databases: The What, Why, and How; The Many Faces of Databases: Lists, Tables, and Forms; The Concept of a Relational Database; The Anatomy of a Database Solution; How FileMaker Fits In; Chapter 2 Putting FileMaker Pro in Perspective; What Makes FileMaker Pro Different from Other Database Development Tools?; The FileMaker Product Family; FileMaker's Hidden Talents; Resources and Exemplars; Chapter 3 Getting Acquainted with FileMaker; Getting FileMaker Working for You; Finding Your Way Around; Entering and Editing Data 327 $aThe Ins and OutsGetting to Know the Relatives; Optimizing the Application; Chapter 4 What's New in FileMaker 9; The FileMaker Quick Start Screen; The Help Menu; Learn More Links on Critical Dialogs; Scheduled Software Update Notification; New Calculation Functions; Conditional Formatting; Append to PDF; The Send E-Mail Link for Database Sharing; Script Grouping and Editing Tools; Automatic Resizing of Layout Objects; Enhanced Tab Control; Web Viewer Feature Enhancements; Field-Specific Enabling of Visual Spell-Checking; Multiple Levels of Text Undo and Redo in Fields and ScriptMaker 327 $aAdditional Toolbar ControlsAdditional Avery Label Formats; Enhanced External SQL Data Source Support; Supplemental Fields for ESS Tables; FileMaker Pro 9 Advanced; Part II Introduction to Database Design; Chapter 5 Creating a Database; Creating a New Database File; Viewing and Interacting with Data; Avoiding the Need for Data Duplication; Getting Started with File Security; Thinking About Usability; Chapter 6 The Interface: Layout Mode; Initial Layouts; The Importance of Visual Structure; Different Kinds of Layout Objects; FileMaker as a Graphical Environment; Interacting with Layout Objects 327 $aThe Tab Control and Its UsesDisplaying Related Data; The Magic of Buttons; The Web Viewer: Inviting in the World; Reports and Data Output; Chapter 7 The Structure: The Manage Database Dialog; Working with Tables; Specifying Fields; Basic Calculations; The Relationships Graph; Working with External SQL Data Sources; The Concept of Data Relationships; Chapter 8 The Processes: ScriptMaker; ScriptMaker: What It Is and What It Offers You; Defining and Editing Scripts; Using the Script Menu; Controlling Script Execution; Some Notable Script Uses; Ease of Editing in ScriptMaker; Organizing Scripts 327 $aSome Examples to Start WithPart III Beyond the Basics; Chapter 9 The FileMaker Power User; Making Browse Mode Work for You; Performing Complex Search Operations; Sorting Records; Understanding Formatting; Some Notes on Variables; Understanding Indexing; The Table of Dependencies; Caching Join Results; Understanding Global Fields; Chapter 10 Building Advanced Interfaces; Developing for Mac and Windows Users; Using Dynamic Screen Elements; Working with Sub-Summary Parts and Part Controls; Designing for Print; Using Multiple Windows and Views; Employing Custom Dialogs as an Interface Tool 327 $aLooking at Anchors and Resizable Layout Objects 330 $aRefocused and completely rewritten with the needs of business users and FileMaker Pro developers in mind, FileMaker Pro 9 Bible shows you how to design an industrial-strength database, make it intuitive, and automate it with scripts and programming. From the fundamentals to data modeling to writing no-fail code, you'll find the clear, step-by-step procedures, solid techniques, and detailed explanations you need to master this powerful software and build the right solutions for your needs. 410 0$aBible 606 $aDatabase management 615 0$aDatabase management. 676 $a005.7565 700 $aCologon$b Raymond Joseph$01811272 701 $aCohen$b Dennis R$0244402 801 0$bMiAaPQ 801 1$bMiAaPQ 801 2$bMiAaPQ 906 $aBOOK 912 $a9910968306403321 996 $aFileMaker Pro 9 bible$94363048 997 $aUNINA